000 00547nam a22001817a 4500
005 20231213060503.0
008 231213b |||||||| |||| 00| 0 eng d
020 _a9781776320615 ; 9781776320622
041 _aEnglish
082 _a343.4 INC
100 _lEnglish
245 _aIncome Tax Legislation /
_cLexisNexis editorial staff
250 _aFirst Edition
260 _aDurban :
_bLexisNexis (Pty) Ltd,
_c2022
300 _b614 pages ;
_c25 cm.
650 _aLegal practice
_bLaw
942 _cBK
_6ALISON_BN_VRIES
999 _c1185
_d1185